000 00577cam a22002053a 4500
001 42591
003 PGUSA
005 20140828083950.0
008 130425s2013||||xxu|||||s|||||000 | eng d
040 _aPGUSA
_beng
042 _adc
100 1 _aKirkham, Stanton Davis,
_d1868-1944
245 1 0 _aIn the Open
_h[electronic resource] /
_cStanton Davis Kirkham
260 _bProject Gutenberg,
_c2013
506 _aPublic domain in the USA.
516 _aElectronic text
830 0 _aProject Gutenberg
_v42591
856 4 0 _uhttp://www.gutenberg.org/ebooks/42591
942 _cEB
999 _c271843
_d271843